Sans frontiènres Sách dạy học tiếng Pháp trình bày song ngữ Pháp- Việt T.1 Méthode de francais

में बचाया:
ग्रंथसूची विवरण
मुख्य लेखक: Verdelhan, Michele
अन्य लेखक: Dominique, Philippe, Huỳnh, Thái Loan (dịch), Verdelhan, Michel
स्वरूप: पुस्तक
प्रकाशित: Tp.Hồ Chí Minh Trẻ 1992
विषय:
टैग : टैग जोड़ें
कोई टैग नहीं, इस रिकॉर्ड को टैग करने वाले पहले व्यक्ति बनें!
Thư viện lưu trữ: Trung tâm Học liệu Lê Vũ Hùng, Trường Đại học Đồng Tháp
LEADER 00905pam a22002538a 4500
001 00029705
005 20171026081025.0
008 121108s1992 |||||| sd
082 1 4 |a 445  |b S105F 
100 1 # |a Verdelhan, Michele 
245 1 0 |a Sans frontiènres  |c Michele Verdelh ,Michel Verdelhan, Philippe Dominique; Huỳnh Thái Loan(dịch)  |b Sách dạy học tiếng Pháp trình bày song ngữ Pháp- Việt  |n T.1  |p Méthode de francais 
260 # # |a Tp.Hồ Chí Minh  |b Trẻ  |c 1992 
300 # # |a 308 tr.  |c 20 cm. 
653 # # |a Tự học 
653 # # |a tiếng Pháp 
700 1 # |a Dominique, Philippe 
700 1 # |a Huỳnh, Thái Loan  |e dịch 
700 1 # |a Verdelhan, Michel 
852 # # |b Kho đọc  |j KD.0014134 
852 # # |j KD.0014134 
910 |d 08/11/2012 
980 # # |a Trung tâm Học liệu Lê Vũ Hùng, Trường Đại học Đồng Tháp